Great book of school jokes / (Record no. 1045)

MARC details
000 -LEADER
fixed length control field 01204nam a22003377a 4500
005 - DATE AND TIME OF LATEST TRANSACTION
control field 20230719104349.0
020 ## - INTERNATIONAL STANDARD BOOK NUMBER
International Standard Book Number 0806907827
040 ## - CATALOGING SOURCE
Original cataloging agency DLC
Transcribing agency DLC
Modifying agency DLC
Language of cataloging eng
050 00 - LIBRARY OF CONGRESS CALL NUMBER
Classification number PN6371.5
Item number .B39 1994
082 00 - DEWEY DECIMAL CLASSIFICATION NUMBER
Classification number 818/.540208
Edition number 20
100 1# - MAIN ENTRY--PERSONAL NAME
Personal name Berk, Meridith.
245 10 - TITLE STATEMENT
Title Great book of school jokes /
Statement of responsibility, etc. Meridith Berk & Toni Vavrus ; illustrated by Jeff Sinclair.
260 ## - PUBLICATION, DISTRIBUTION, ETC.
Place of publication, distribution, etc. New York :
Name of publisher, distributor, etc. Good Will,
Date of publication, distribution, etc. 1994.
300 ## - PHYSICAL DESCRIPTION
Extent 96 pages :
Other physical details illustrations ;
Dimensions 18 cm.
500 ## - GENERAL NOTE
General note Includes index.
505 ## - FORMATTED CONTENTS NOTE
Formatted contents note L <br/>
520 ## - SUMMARY, ETC.
Summary, etc. Laugh all the way to class with this fantastically funny collection of riddles, knock-knocks, and goofy stories. Find humor in every subject--even in math--"What did the math classroom have instead of desks? Times tables."
521 ## - TARGET AUDIENCE NOTE
Target audience note 520
Source Lexile estimate <br/>
521 ## - TARGET AUDIENCE NOTE
Target audience note L <br/>
Source Raz-Plus <br/>
650 #0 - SUBJECT ADDED ENTRY--TOPICAL TERM
Topical term or geographic name entry element Riddles, Juvenile.
650 #0 - SUBJECT ADDED ENTRY--TOPICAL TERM
Topical term or geographic name entry element Schools
Form subdivision Juvenile humor.
650 #1 - SUBJECT ADDED ENTRY--TOPICAL TERM
Topical term or geographic name entry element Riddles.
650 #1 - SUBJECT ADDED ENTRY--TOPICAL TERM
Topical term or geographic name entry element Jokes.
650 #1 - SUBJECT ADDED ENTRY--TOPICAL TERM
Topical term or geographic name entry element Schools
General subdivision Humor.
700 1# - ADDED ENTRY--PERSONAL NAME
Personal name Vavrus, Toni.
700 1# - ADDED ENTRY--PERSONAL NAME
Personal name Sinclair, Jeff,
Relator term illustrator.
906 ## - LOCAL DATA ELEMENT F, LDF (RLIN)
a 7
b cbc
c orignew
d 1
e ocip
f 19
g y-gencatlg
942 ## - ADDED ENTRY ELEMENTS (KOHA)
Source of classification or shelving scheme Dewey Decimal Classification
Koha item type Books
Suppress in OPAC No
999 ## -
-- 1045
-- 1045
Holdings
Withdrawn status Lost status Source of classification or shelving scheme Damaged status Not for loan Collection Home library Current library Shelving location Date acquired Total Checkouts Full call number Barcode Date last seen Date last checked out Price effective from Koha item type
    Dewey Decimal Classification     Non-Fiction Footprints International School Library Network Toul Kork Campus Footprints International School Library Network Toul Kork Campus TK Primary Library Room(4th Floor), Bookcase 3&4, Shelves 17-32, Yellow Books 07/19/2023 1 BER 818.540208 FISTK05202 12/03/2024 08/23/2024 07/19/2023 Books